000 00269nam a22001217a 4500
999 _c23167
_d23167
003 Nust
005 20170515172923.0
008 170327b xxu||||| |||| 00| 0 eng d
020 _a0312157606
040 _aDLC
_bDLC
_cRCMS
082 _a384
100 _aALFERD GLOSSBRENEER
_9792
245 _aThe Complete Handbook of Personal Computer Communications
_cEverything You You Need To Go Online With The World
250 _a2nd,ed.
260 _aNY USA
_bST. MARTIN'S PRESS
_cc1985
300 _axxii,546,p:
_bill:
_c25,cm.
538 _iShelf # 15, Row # 5, Communication.
650 _a1.Microcomputers. 2. On-line data processing
_9793
856 _3Table of Content Only
942 _cBK
_2ddc